Quick Pick: Light or Dark? Quiz Stats

 Plays Quiz Updated Nov 29, 2018

     
Support Sporcle.
Go Orange.
Score 0/7 Timer 01:00
0 Plays Today
% Correct
Bright
97%
Shining
96.8%
Luminous
96.3%
Ablaze
93.7%
Lambent
73.6%
Pale
55.1%
Refulgent
51.9%

Today's Daily Dose

From the Vault

Canstruction: Games and Toys

by sproutcm

Gaming 5m
We can't decide if we should play with these toys or eat them.
Remove Ads.
Support Sporcle.
Get the best of Sporcle when you Go Orange. This ad-free experience offers more features, more stats, and more fun while also helping to support Sporcle. Thank you for becoming a member.

Show Comments

Extras

Top Quizzes Today


Score Distribution

Your Account Isn't Verified!

In order to create a playlist on Sporcle, you need to verify the email address you used during registration. Go to your Sporcle Settings to finish the process.

Report this User

Report this user for behavior that violates our Community Guidelines.

Details: